000 00469nam a2200157Ia 4500
008 160316s1997 xxu||||| |||| 00| 0 eng d
082 _a363.200000
_bKAR
100 _a
245 _aKarnataka police act, 1983 and Karnataka state police diciplinary proceedings rules, 1965
250 _a2nd
260 _aBangalore
_bGovt Press
_c1997
300 _a187p
_b
_c
365 _b
650 _a1. Karnataka police act - Commentary - Karnataka police rules
700 _a
_a
999 _c11341
_d11341